[Event "Gruppe C | DWZ 1900 - 1701"]
[Site "61.HEM Erlensee 2007"]
[Date "2007.04.05"]
[Round "2.1"]
[White "Rompel, Michael"]
[Black "Zuyev, Igor"]
[Result "0-1"]
[WhiteElo "2051"]
[BlackElo "2172"]
[PlyCount "52"]
[EventDate "2007.??.??"]

1. d4 Nf6 2. Bg5 c5 3. Nf3 cxd4 4. Nxd4 Ne4 5. Be3 d5 6. f3 Nf6 7. Nd2 e5 8.
N4b3 Nc6 9. Bf2 a5 10. a4 Bf5 11. e3 Bd6 12. Bb5 O-O 13. O-O e4 14. Nd4 Nxd4
15. exd4 Qc7 16. fxe4 Bxh2+ 17. Kh1 Nxe4 18. Nxe4 Bxe4 19. Qh5 Bf4 20. c3 f5
21. Bh4 g6 22. Qe2 g5 23. Be1 Rf6 24. Bd3 Rh6+ 25. Kg1 Be3+ 26. Qxe3 Qh2+ 0-1

[Event "Gruppe C | DWZ 1900 - 1701"]
[Site "61.HEM Erlensee 2007"]
[Date "2007.04.05"]
[Round "2.2"]
[White "Dohne, Kai-Uwe"]
[Black "Wuestehube, Axel"]
[Result "0-1"]
[WhiteElo "1767"]
[BlackElo "1886"]
[PlyCount "116"]
[EventDate "2007.??.??"]

1. e4 c5 2. Nf3 Nc6 3. d4 cxd4 4. Nxd4 g6 5. Nc3 Nf6 6. Bc4 d6 7. f3 Bg7 8. Be3
a6 9. Qd2 Nxd4 10. Bxd4 b5 11. Bb3 O-O 12. g4 e5 13. Be3 Bb7 14. O-O-O b4 15.
Na4 d5 16. Qxb4 Qc7 17. Bb6 Bh6+ 18. Kb1 Qc6 19. Bxd5 Nxd5 20. Rxd5 a5 21. Qb3
Rfb8 22. Rhd1 Ba6 23. Rc5 Qe8 24. Rc7 Bb5 25. Rd6 Bxa4 26. Qd5 Bf8 27. Rf6 Rd8
28. Rcxf7 Rxd5 29. Rxf8+ Qxf8 30. Rxf8+ Rxf8 31. exd5 Rxf3 32. b3 Bd7 33. Bxa5
Bxg4 34. c4 Rf2 35. c5 Bf5+ 36. Ka1 Be4 37. d6 Bc6 38. Bc3 e4 39. a4 e3 40. a5
Rf1+ 41. Kb2 e2 42. a6 e1=Q 43. Bxe1 Rxe1 44. b4 Re8 45. Kc3 Ra8 46. Kc4 Rxa6
47. Kd4 Ra4 48. Ke5 Rxb4 49. d7 Bxd7 50. Kd6 Bf5 51. c6 Rh4 52. Kc7 Kf8 53. Kb8
Ke8 54. c7 Rb4+ 55. Ka7 Kd7 56. c8=Q+ Kxc8 57. h4 Bd3 58. h5 gxh5 0-1

[Event "Gruppe C | DWZ 1900 - 1701"]
[Site "61.HEM Erlensee 2007"]
[Date "2007.04.05"]
[Round "2.3"]
[White "Rack, Matthias"]
[Black "Makilla, Tobias"]
[Result "1/2-1/2"]
[WhiteElo "2040"]
[BlackElo "1923"]
[PlyCount "107"]
[EventDate "2007.??.??"]

1. d4 d5 2. g3 Nc6 3. Bg2 Bf5 4. Nf3 e6 5. Bf4 Bd6 6. Bxd6 cxd6 7. c3 Qb6 8.
Qb3 Qxb3 9. axb3 Nf6 10. Nbd2 Rc8 11. b4 a6 12. O-O Ke7 13. Rfe1 Ne4 14. Nb3
Rc7 15. Nfd2 Rhc8 16. f3 Nxd2 17. Nxd2 Nb8 18. e4 dxe4 19. fxe4 Bg6 20. Nf3 Nd7
21. Ra5 Nb6 22. Nd2 Nd7 23. Nf3 Nb6 24. Nd2 Nd7 25. h4 e5 26. Nf3 f6 27. g4 Nb6
28. Bf1 Bf7 29. d5 Be8 30. Nd2 Bd7 31. Be2 g6 32. Rf1 Rf8 33. c4 f5 34. c5 Nc8
35. Nc4 f4 36. g5 Bb5 37. Rf2 dxc5 38. bxc5 Rxc5 39. Nxe5 Rc1+ 40. Kg2 Nd6 41.
Bxb5 Nxb5 42. Nd3 Rc4 43. e5 Rf5 44. Ra1 Rd4 45. d6+ Ke8 46. Rf3 Na7 47. Re1
Nc6 48. Nc5 Rxe5 49. Rxe5+ Nxe5 50. Rf2 Rxd6 51. Nxb7 Rd5 52. Rxf4 Kd7 53. b4
Ke7 54. Nc5 1/2-1/2

[Event "Gruppe C | DWZ 1900 - 1701"]
[Site "61.HEM Erlensee 2007"]
[Date "2007.04.05"]
[Round "2.4"]
[White "Eg, Karlheinz"]
[Black "Will, Jens Robert"]
[Result "1-0"]
[WhiteElo "2065"]
[BlackElo "1970"]
[PlyCount "133"]
[EventDate "2007.??.??"]

1. e4 e5 2. Nf3 Nc6 3. Bb5 a6 4. Ba4 Nf6 5. O-O Nxe4 6. d4 b5 7. Bb3 d5 8. Re1
Be6 9. Nbd2 Nxd2 10. Bxd2 e4 11. Ng5 Nxd4 12. Nxe6 Nxe6 13. Be3 c6 14. f3 exf3
15. Qxf3 Bd6 16. c3 O-O 17. Bc2 g6 18. Bh6 Ng7 19. Rf1 f5 20. Qh3 Qd7 21. Rf3
Rae8 22. Bd3 c5 23. Rd1 Be5 24. Bc2 d4 25. b4 Qc6 26. bxc5 dxc3 27. Bb3+ Kh8
28. Rxc3 Rd8 29. Rcd3 Qxc5+ 30. Kh1 Bf6 31. Be3 Qe7 32. Bb6 Rxd3 33. Qxd3 Re8
34. Qd5 Nh5 35. Bc5 Qe4 36. Qf7 Bg7 37. Bd5 Qe2 38. Bf3 Qe6 39. Qxe6 Rxe6 40.
Rd8+ Bf8 41. Rxf8+ Kg7 42. Kg1 Nf6 43. Ra8 g5 44. Ra7+ Kg6 45. Re7 Rxe7 46.
Bxe7 Kf7 47. Bb4 Ke6 48. Bb7 Nd5 49. Ba5 Kd6 50. Bxa6 Kc5 51. Bc8 f4 52. Be6
Nf6 53. Bd8 Ne4 54. Bf5 Nc3 55. Be6 g4 56. Be7+ Kd4 57. Bf6+ Kd3 58. Bxc3 Kxc3
59. Bxg4 b4 60. Be6 Kd3 61. Kf2 Ke4 62. Bg4 h6 63. Bh5 Kf5 64. Kf3 Kg5 65. Be8
Kf5 66. Bd7+ Kg5 67. h3 1-0

[Event "Gruppe C | DWZ 1900 - 1701"]
[Site "61.HEM Erlensee 2007"]
[Date "2007.04.05"]
[Round "2.5"]
[White "Geringer, Waldemar"]
[Black "Karsten, Heinrich"]
[Result "0-1"]
[WhiteElo "1886"]
[BlackElo "2077"]
[PlyCount "100"]
[EventDate "2007.??.??"]

1. d4 d5 2. Nf3 c6 3. c4 Nf6 4. g3 e6 5. Bg2 Nbd7 6. O-O Be7 7. Qc2 O-O 8. b3
Re8 9. Nc3 Bf8 10. Bf4 Nh5 11. Rad1 f6 12. e4 Nxf4 13. gxf4 dxe4 14. Nxe4 Qc7
15. Qd2 g6 16. d5 exd5 17. cxd5 Rxe4 18. Ne5 Rxe5 19. fxe5 Nxe5 20. dxc6 bxc6
21. Qd8 Qxd8 22. Rxd8 Kf7 23. f4 Bc5+ 24. Kh1 Ng4 25. Bxc6 Rb8 26. Rd2 Bf5 27.
Bd5+ Kg7 28. Bf3 Rb4 29. Bxg4 Bxg4 30. Rc2 Bb6 31. Kg2 Re4 32. a3 Re3 33. Rfc1
Bf3+ 34. Kf1 Rxb3 35. Rc3 Rxc3 36. Rxc3 Be4 37. Ke2 Kf7 38. a4 Ke6 39. Rc8 Kf5
40. a5 Bg1 41. Rc7 Kxf4 42. Rxh7 g5 43. Rf7 f5 44. Rh7 Bc6 45. Kf1 Be3 46. Rf7
g4 47. Rf6 Bb5+ 48. Kg2 a6 49. Rd6 Ke5 50. Rd8 f4 0-1

[Event "Gruppe C | DWZ 1900 - 1701"]
[Site "61.HEM Erlensee 2007"]
[Date "2007.04.05"]
[Round "2.6"]
[White "Rasche, Hannes"]
[Black "Haftmann, Rainer"]
[Result "1-0"]
[WhiteElo "2050"]
[BlackElo "1765"]
[PlyCount "97"]
[EventDate "2007.??.??"]

1. d4 Nf6 2. c4 e6 3. g3 d5 4. Bg2 c6 5. Qc2 Be7 6. Nf3 Nbd7 7. O-O O-O 8. b3
Ne4 9. Nfd2 f5 10. f3 Nxd2 11. Nxd2 Nf6 12. Bb2 Bd7 13. e4 fxe4 14. fxe4 Bb4
15. e5 Ng4 16. Rxf8+ Qxf8 17. Rf1 Qe7 18. Qd3 Qg5 19. Rf4 Bxd2 20. Qxd2 Qg6 21.
Ba3 Nh6 22. Qf2 Nf7 23. h3 h5 24. Bf1 Nh6 25. Kh2 b5 26. Bc5 bxc4 27. bxc4 Rb8
28. Rf8+ Rxf8 29. Qxf8+ Kh7 30. Qf3 Qc2+ 31. Qe2 Qxe2+ 32. Bxe2 a5 33. cxd5
cxd5 34. Bxh5 Nf5 35. Be2 a4 36. Bd3 g6 37. g4 Ne3 38. Kg3 Kg7 39. Be7 Kf7 40.
Bg5 Nc4 41. h4 Nb2 42. Be2 Nc4 43. Bc1 Nb6 44. Kf4 Nc8 45. Kg5 Ne7 46. Ba3 Nc6
47. Bc5 Na5 48. Bd3 Nc4 49. Bxg6+ 1-0

[Event "Gruppe C | DWZ 1900 - 1701"]
[Site "61.HEM Erlensee 2007"]
[Date "2007.04.05"]
[Round "2.7"]
[White "Gutacker, Stephan"]
[Black "Foerster, Rudi"]
[Result "1/2-1/2"]
[WhiteElo "1980"]
[BlackElo "1962"]
[PlyCount "34"]
[EventDate "2007.??.??"]

1. e4 c5 2. c3 d5 3. exd5 Qxd5 4. d4 Nf6 5. Nf3 Bg4 6. Be2 e6 7. O-O Nc6 8. Be3
O-O-O 9. Qa4 Qh5 10. Nbd2 Bd6 11. dxc5 Bxh2+ 12. Nxh2 Bxe2 13. Rfe1 Ng4 14.
Nxg4 Bxg4 15. Ne4 Ne5 16. Ng3 Qg6 17. Qxa7 h5 1/2-1/2

[Event "Gruppe C | DWZ 1900 - 1701"]
[Site "61.HEM Erlensee 2007"]
[Date "2007.04.05"]
[Round "2.8"]
[White "Kuehn, Thomas"]
[Black "von Chamier, Ralf"]
[Result "0-1"]
[WhiteElo "1905"]
[BlackElo "1837"]
[PlyCount "104"]
[EventDate "2007.??.??"]

1. Nf3 Nf6 2. g3 g6 3. Bg2 Bg7 4. O-O d6 5. d4 O-O 6. c4 Be6 7. b3 Qc8 8. Bb2
d5 9. cxd5 Bxd5 10. Nc3 Be6 11. e4 Rd8 12. e5 Nd5 13. Nxd5 Bxd5 14. Qc2 Nc6 15.
Rfd1 Qg4 16. h3 Qd7 17. Ng5 Bxg2 18. Kxg2 e6 19. Ne4 Qd5 20. f3 Rac8 21. Qc1
Qb5 22. Qc4 Qb6 23. Nf6+ Kh8 24. d5 Ne7 25. Qh4 h6 26. dxe6 Qxe6 27. g4 g5 28.
Qh5 Nd5 29. Nxd5 Rxd5 30. Rxd5 Qxd5 31. Rf1 Kh7 32. h4 gxh4 33. Qf5+ Kg8 34.
Qxc8+ Bf8 35. Ba3 c5 36. Bc1 Qxe5 37. f4 Qe4+ 38. Kf2 Qc2+ 39. Ke3 Qc3+ 40. Ke4
Qd4+ 41. Kf3 Qd3+ 42. Kf2 Qg3+ 43. Ke2 Qg2+ 44. Ke1 Qe4+ 45. Kf2 h3 46. g5 Qg2+
47. Ke1 h2 48. gxh6 Qxf1+ 49. Kxf1 h1=Q+ 50. Ke2 Qxc1 51. Qg4+ Kh8 52. h7 Qc2+
0-1

[Event "Gruppe C | DWZ 1900 - 1701"]
[Site "61.HEM Erlensee 2007"]
[Date "2007.04.05"]
[Round "2.9"]
[White "Storck, Eike-Werner"]
[Black "Hoppe, Michael"]
[Result "1-0"]
[WhiteElo "1895"]
[BlackElo "1970"]
[PlyCount "71"]
[EventDate "2007.??.??"]

1. d4 d5 2. c4 c6 3. Nc3 Nf6 4. Nf3 g6 5. e3 Bg7 6. h3 O-O 7. Bd3 Nbd7 8. O-O
Qc7 9. Qb3 Nb6 10. cxd5 cxd5 11. Bd2 a6 12. Rac1 Qd8 13. a4 e6 14. a5 Nbd7 15.
Na4 Re8 16. Bb4 Bf8 17. Bd2 Ne4 18. Be1 Bd6 19. Bxe4 dxe4 20. Nd2 Bc7 21. Nc4
Rb8 22. Qc2 b5 23. axb6 Nxb6 24. Naxb6 Bxb6 25. Qxe4 Bb7 26. Qg4 Rc8 27. Bb4 a5
28. Nxb6 Rxc1 29. Rxc1 axb4 30. Na4 h5 31. Qg3 Qa5 32. Nc5 Rc8 33. Qd6 Bd5 34.
e4 Rd8 35. Qe7 Ba2 36. Nb7 1-0

[Event "Gruppe C | DWZ 1900 - 1701"]
[Site "61.HEM Erlensee 2007"]
[Date "2007.04.05"]
[Round "2.10"]
[White "Smit, Josip"]
[Black "Larem, Peter"]
[Result "1-0"]
[WhiteElo "2049"]
[BlackElo "1917"]
[PlyCount "67"]
[EventDate "2007.??.??"]

1. d4 Nf6 2. Nf3 g6 3. g3 Bg7 4. Bg2 O-O 5. O-O d6 6. c4 Nbd7 7. Nc3 Re8 8. e4
e5 9. h3 exd4 10. Nxd4 Ne5 11. b3 c6 12. Be3 a6 13. Rc1 Qc7 14. f4 Ned7 15. Re1
Nc5 16. Bf2 Bd7 17. b4 Ne6 18. Nf3 Nh5 19. Qd2 Rad8 20. Na4 c5 21. Nc3 Bxc3 22.
Qxc3 cxb4 23. Qxb4 Nc5 24. Qb1 Nf6 25. Nd4 Bc8 26. Nb3 Ncxe4 27. Bxe4 Rxe4 28.
Rxe4 Bf5 29. Nd2 Qc6 30. Qb6 Bxe4 31. Qxd8+ Kg7 32. Bd4 Bh1 33. Bxf6+ Kh6 34.
Qf8+ 1-0

[Event "Gruppe C | DWZ 1900 - 1701"]
[Site "61.HEM Erlensee 2007"]
[Date "2007.04.05"]
[Round "2.11"]
[White "Krueger, Till"]
[Black "Scholz, Uwe"]
[Result "0-1"]
[WhiteElo "2048"]
[BlackElo "1733"]
[PlyCount "110"]
[EventDate "2007.??.??"]

1. e4 d5 2. exd5 Qxd5 3. Nc3 Qd6 4. d4 Nf6 5. Nf3 Bg4 6. Be2 a6 7. Be3 Nc6 8.
Qd2 e6 9. O-O Be7 10. a3 O-O 11. Rfe1 Rfe8 12. Rad1 Rad8 13. Bf4 Qd7 14. Ne5
Nxe5 15. dxe5 Qc6 16. exf6 Rxd2 17. Rxd2 Bxe2 18. fxe7 Bh5 19. Rd8 f6 20. Ne2
e5 21. Bd2 Bxe2 22. Rxe2 Kf7 23. Rxe8 Kxe8 24. Bc3 Qc4 25. Re3 Kxe7 26. f3 b6
27. Kf2 Qh4+ 28. Kg1 a5 29. Re4 Qg5 30. Re2 c5 31. Bd2 Qf5 32. c3 Qb1+ 33. Be1
Qd1 34. Kf2 Kf7 35. Rd2 Qb1 36. Ke2 Ke6 37. Kf2 a4 38. Ke2 h5 39. h4 Kf5 40.
Kf2 g5 41. hxg5 fxg5 42. Re2 g4 43. c4 h4 44. fxg4+ Kxg4 45. Bc3 e4 46. Rd2 Kf4
47. Re2 Qd3 48. Bd2+ Kg4 49. Bc3 Qxc4 50. Re3 b5 51. Bf6 Qc2+ 52. Re2 Qd3 53.
Be7 Qd4+ 54. Kf1 e3 55. Ke1 Qe4 0-1

[Event "Gruppe C | DWZ 1900 - 1701"]
[Site "61.HEM Erlensee 2007"]
[Date "2007.04.05"]
[Round "2.12"]
[White "Schaub, Thomas"]
[Black "Fischer, Arthur"]
[Result "1/2-1/2"]
[WhiteElo "1744"]
[BlackElo "2074"]
[PlyCount "129"]
[EventDate "2007.??.??"]

1. d4 d5 2. Nf3 Nf6 3. c4 e6 4. Nc3 c6 5. Bg5 Nbd7 6. cxd5 exd5 7. e3 Be7 8.
Bd3 Ne4 9. Bxe7 Qxe7 10. Qc2 Nef6 11. O-O O-O 12. e4 dxe4 13. Nxe4 Nxe4 14.
Bxe4 Nf6 15. Rfe1 Qd6 16. h3 Be6 17. Ng5 h6 18. Nxe6 fxe6 19. Rad1 Nd5 20. Qe2
Rf6 21. Bb1 Raf8 22. Qe4 Qf4 23. Qh7+ Kf7 24. Re2 Qg5 25. Re5 Qf4 26. f3 Qg3
27. Qd3 Nf4 28. Qc2 Nxh3+ 29. Kf1 Nf4 30. Qf2 Qh2 31. Qg1 Qxg1+ 32. Kxg1 Rd8
33. Ra5 a6 34. Kf2 Nd5 35. Ra3 Kf8 36. Rb3 Rd7 37. Be4 Rff7 38. a3 Nf6 39. Bg6
Rfe7 40. Rbd3 Rd6 41. b4 Red7 42. f4 Nd5 43. Kf3 Nc7 44. a4 Nd5 45. b5 axb5 46.
axb5 cxb5 47. Rb3 b4 48. Be4 Nc3 49. Rd3 Nxe4 50. Kxe4 Rb6 51. Rd2 Rc7 52. Rdb2
Ke7 53. Rxb4 Rxb4 54. Rxb4 Kf6 55. g4 g6 56. Rb6 h5 57. gxh5 gxh5 58. f5 Rc6
59. Rxb7 exf5+ 60. Kf4 Rd6 61. Rb4 Re6 62. d5 Rd6 63. Rb8 Rxd5 64. Rb6+ Kg7 65.
Kg5 1/2-1/2

[Event "Gruppe C | DWZ 1900 - 1701"]
[Site "61.HEM Erlensee 2007"]
[Date "2007.04.05"]
[Round "2.13"]
[White "Adair, Robin"]
[Black "Schaal, Benedikt"]
[Result "0-1"]
[WhiteElo "2033"]
[BlackElo "1841"]
[PlyCount "102"]
[EventDate "2007.??.??"]

1. Nf3 d5 2. d4 Nf6 3. g3 c6 4. Bg2 Bf5 5. O-O Nbd7 6. c4 dxc4 7. Nc3 e6 8. Nh4
Bg6 9. Nxg6 hxg6 10. e4 e5 11. a4 Rb8 12. Be3 a6 13. Qe2 b5 14. axb5 axb5 15.
f4 exd4 16. Bxd4 Bc5 17. Qf2 Ng4 18. Qd2 Qb6 19. Rfd1 Rxh2 20. Bxc5 Qxc5+ 21.
Qd4 Rxg2+ 22. Kxg2 Ne3+ 23. Kf3 Qxd4 24. Rxd4 Nc2 25. Rxd7 Kxd7 26. Ra7+ Ke8
27. e5 Rd8 28. Ne4 Rd7 29. Nd6+ Ke7 30. Ra8 Ke6 31. g4 Kd5 32. Rg8 f6 33. Nc8
Kc5 34. Ke4 Rd4+ 35. Kf3 Rd3+ 36. Kf2 fxe5 37. fxe5 Re3 38. Rxg7 Rxe5 39. Rxg6
Nd4 40. Na7 b4 41. Rh6 c3 42. bxc3 bxc3 43. Rh1 c2 44. Rc1 Re7 45. Nxc6 Kxc6
46. g5 Rg7 47. Ke3 Kc5 48. Kd3 Rxg5 49. Rh1 Rg3+ 50. Kd2 Kc4 51. Rb1 Rg2+ 0-1

[Event "Gruppe C | DWZ 1900 - 1701"]
[Site "61.HEM Erlensee 2007"]
[Date "2007.04.05"]
[Round "2.14"]
[White "Schmitt, Carsten"]
[Black "Friedrich, Helmut"]
[Result "1/2-1/2"]
[WhiteElo "1829"]
[BlackElo "1725"]
[PlyCount "33"]
[EventDate "2007.??.??"]

1. e4 c5 2. Nf3 d6 3. d4 cxd4 4. Nxd4 Nf6 5. Nc3 a6 6. f3 g6 7. Be3 Bg7 8. Qd2
Nc6 9. O-O-O Bd7 10. h4 Qa5 11. Kb1 b5 12. Nxc6 Bxc6 13. Nd5 Qxd2 14. Nxf6+
Bxf6 15. Rxd2 O-O 16. Bd4 Bxd4 17. Rxd4 1/2-1/2

[Event "Gruppe C | DWZ 1900 - 1701"]
[Site "61.HEM Erlensee 2007"]
[Date "2007.04.05"]
[Round "2.15"]
[White "Froehlich-Dill, Astrid"]
[Black "Genis, Roy"]
[Result "1-0"]
[WhiteElo "1970"]
[BlackElo "1895"]
[PlyCount "93"]
[EventDate "2007.??.??"]

1. d4 Nf6 2. c4 e5 3. d5 Bc5 4. Nc3 d6 5. h3 c6 6. e4 Bd4 7. Qc2 Na6 8. a3 Nc5
9. Bd3 Qb6 10. Nd1 Bd7 11. Nf3 Nb3 12. Rb1 cxd5 13. exd5 h6 14. O-O O-O 15.
Nxd4 Nxd4 16. Be3 Nxc2 17. Bxb6 Nxa3 18. bxa3 axb6 19. Rxb6 Rxa3 20. Be2 Ra6
21. Rxb7 Rfa8 22. Nc3 Kf8 23. Rfb1 Ra1 24. f3 Rxb1+ 25. Rxb1 Ra7 26. Rb6 Ke7
27. c5 dxc5 28. d6+ Kf8 29. Rb8+ Ne8 30. Bb5 f6 31. Bc4 Ra1+ 32. Kf2 Rc1 33.
Bb5 Bxb5 34. Nxb5 Rd1 35. Nc7 Rxd6 36. Nxe8 Rc6 37. Nxf6+ Kf7 38. Ng4 Ke6 39.
Re8+ Kd5 40. Rxe5+ Kd4 41. Re4+ Kc3 42. Ne5 Rc7 43. Ke3 Kc2 44. Rc4+ Kb3 45.
Rc1 Rc8 46. f4 Kb2 47. Rxc5 1-0

[Event "Gruppe C | DWZ 1900 - 1701"]
[Site "61.HEM Erlensee 2007"]
[Date "2007.04.05"]
[Round "2.16"]
[White "Achelrod, Alexandre"]
[Black "Adamczyk, Matthias"]
[Result "1-0"]
[WhiteElo "1873"]
[BlackElo "1774"]
[PlyCount "77"]
[EventDate "2007.??.??"]

1. d4 Nf6 2. c4 e6 3. Nc3 d5 4. Bg5 Be7 5. Nf3 h6 6. Bh4 Nc6 7. e3 O-O 8. a3 b6
9. Bxf6 Bxf6 10. Rc1 Bb7 11. Qc2 a6 12. Be2 Re8 13. O-O Rc8 14. b4 Ne7 15. Rfd1
c5 16. dxc5 bxc5 17. Ne4 cxb4 18. Nxf6+ gxf6 19. Qb2 Ng6 20. axb4 Kg7 21. Nd4
Qd6 22. c5 Qe5 23. Qd2 Ra8 24. c6 Bc8 25. Qa2 Rb8 26. Qa5 Qd6 27. b5 axb5 28.
Bxb5 Re7 29. c7 Rb6 30. Nc6 Rxb5 31. Qxb5 Rxc7 32. Nd4 Bd7 33. Qb2 Ba4 34. Rxc7
Qxc7 35. Rc1 Qd7 36. Qb6 e5 37. Rc7 Qg4 38. f3 Qh5 39. Ne6+ $138 1-0

[Event "Gruppe C | DWZ 1900 - 1701"]
[Site "61.HEM Erlensee 2007"]
[Date "2007.04.05"]
[Round "2.17"]
[White "Fussnecker, Manfred"]
[Black "Winter, Lars"]
[Result "1/2-1/2"]
[WhiteElo "2013"]
[BlackElo "2062"]
[PlyCount "101"]
[EventDate "2007.??.??"]

1. e4 c5 2. Nf3 Nc6 3. Bb5 g6 4. O-O Bg7 5. Nc3 Nf6 6. e5 Ng4 7. Bxc6 dxc6 8.
Re1 Qc7 9. Qe2 Nh6 10. Ne4 O-O 11. Nxc5 b6 12. Nd3 c5 13. b3 Ba6 14. c4 Rad8
15. Bb2 Bb7 16. h4 Qd7 17. Nf4 Qg4 18. Nd5 Nf5 19. Ne3 Nxe3 20. fxe3 Bxf3 21.
Qxf3 Qxf3 22. gxf3 Rxd2 23. Bc3 Rd3 24. Rac1 Rfd8 25. Kf2 f6 26. exf6 Bxf6 27.
Bxf6 exf6 28. h5 Kf7 29. hxg6+ hxg6 30. e4 Rh8 31. Ke2 Rd4 32. Ke3 Rhd8 33. Rc2
g5 34. Ree2 Rd3+ 35. Kf2 Rh8 36. Kg2 Kg6 37. Rcd2 Rhd8 38. Rxd3 Rxd3 39. Kg3 f5
40. exf5+ Kxf5 41. Re8 Rd2 42. Rf8+ Kg6 43. Rg8+ Kf6 44. a3 Rd7 45. Rf8+ Kg7
46. Rc8 Kf6 47. b4 cxb4 48. axb4 Rd4 49. b5 Rd7 50. c5 bxc5 51. Rxc5 1/2-1/2

[Event "Gruppe C | DWZ 1900 - 1701"]
[Site "61.HEM Erlensee 2007"]
[Date "2007.04.05"]
[Round "2.18"]
[White "Weiland, Thomas"]
[Black "Blosze, Winfried"]
[Result "1/2-1/2"]
[WhiteElo "1995"]
[BlackElo "1930"]
[PlyCount "64"]
[EventDate "2007.??.??"]

1. e4 d6 2. d4 g6 3. f4 Bg7 4. Nf3 Bg4 5. Be2 Nd7 6. h3 Bxf3 7. Bxf3 e5 8. fxe5
Qh4+ 9. Ke2 dxe5 10. d5 f5 11. exf5 gxf5 12. Re1 O-O-O 13. Kf1 Ngf6 14. Be2 Ne4
15. Be3 Nb6 16. c4 Ng3+ 17. Kg1 Nxe2+ 18. Qxe2 Qxc4 19. Bxb6 Qxe2 20. Rxe2 axb6
21. Nc3 e4 22. Rd1 Rhe8 23. Rc2 e3 24. Kf1 Rd7 25. Ke2 f4 26. Kf3 Be5 27. Ne2
Rf7 28. b3 h5 29. Rc4 Ref8 30. Re4 Rf5 31. Rc4 Kd7 32. a4 Bd6 1/2-1/2

[Event "Gruppe C | DWZ 1900 - 1701"]
[Site "61.HEM Erlensee 2007"]
[Date "2007.04.05"]
[Round "2.19"]
[White "Storkebaum, Ulrike"]
[Black "Bosse, Volkmar"]
[Result "1/2-1/2"]
[WhiteElo "1930"]
[BlackElo "1997"]
[PlyCount "135"]
[EventDate "2007.??.??"]

1. e4 c6 2. d4 d5 3. Nc3 dxe4 4. Nxe4 Nf6 5. Ng3 e6 6. Nf3 Be7 7. Bd3 O-O 8.
O-O Nbd7 9. Re1 c5 10. c3 b6 11. Qe2 Bb7 12. Bd2 Re8 13. Rad1 Qc7 14. Bb1 Bd6
15. Ne4 Nxe4 16. Bxe4 Bxe4 17. Qxe4 Rad8 18. Bg5 Be7 19. Bxe7 Rxe7 20. Qh4 Nf6
21. dxc5 Rxd1 22. Rxd1 bxc5 23. Qa4 h6 24. h3 Nd5 25. c4 Nb6 26. Qc2 Rd7 27. b3
Qd8 28. Rxd7 Qxd7 29. Kf1 g6 30. Ke2 Qd6 31. Qe4 Nd7 32. Qa8+ Kg7 33. Qxa7 Ne5
34. Ne1 Nc6 35. Qa3 Nd4+ 36. Kf1 Qe5 37. Qb2 f6 38. Nd3 Qh2 39. f3 Nf5 40. Qf2
Qd6 41. Qd2 Qd4 42. g4 Nd6 43. Ke2 e5 44. Qa5 e4 45. Qc7+ Nf7 46. Nxc5 exf3+
47. Kxf3 Qc3+ 48. Ke4 f5+ 49. gxf5 gxf5+ 50. Kxf5 Qxh3+ 51. Ke4 Kg6 52. Qc6+
Kh7 53. Qd7 Qg2+ 54. Kd3 Kg6 55. Qe6+ Kg7 56. a4 Qf1+ 57. Kc3 Qc1+ 58. Kd3 Qd1+
59. Kc3 Qc1+ 60. Kb4 Qd2+ 61. Kb5 Qd8 62. Qg4+ Kh7 63. Qf5+ Kg8 64. Qg6+ Kh8
65. Ne6 Qb8+ 66. Ka5 Qa7+ 67. Kb5 Qb8+ 68. Ka5 1/2-1/2

[Event "Gruppe C | DWZ 1900 - 1701"]
[Site "61.HEM Erlensee 2007"]
[Date "2007.04.05"]
[Round "2.20"]
[White "Gauf, Wolfgang"]
[Black "Koculak, Eduard"]
[Result "1-0"]
[WhiteElo "1814"]
[BlackElo "1752"]
[PlyCount "125"]
[EventDate "2007.??.??"]

1. e4 c5 2. Nf3 d6 3. d4 cxd4 4. Nxd4 Nf6 5. Nc3 a6 6. Be2 e6 7. O-O Be7 8. a4
O-O 9. Be3 Bd7 10. a5 Nc6 11. Nb3 Rc8 12. f4 Qc7 13. Qd2 Be8 14. Kh1 Nd7 15.
Na4 Rd8 16. Bd3 d5 17. exd5 exd5 18. c3 f5 19. Nac5 Nxc5 20. Nxc5 Qc8 21. Qf2
g6 22. Nb3 Bf7 23. Bb6 Rde8 24. Rae1 Bd6 25. Nd4 Nb8 26. Nc2 Nc6 27. Rd1 Qe6
28. Nd4 Nxd4 29. Bxd4 Qe7 30. Rfe1 Qd8 31. Rxe8 Rxe8 32. Bb6 Qe7 33. g3 Qe6 34.
Bf1 Bf8 35. Bg2 Qc6 36. Kg1 Qc4 37. Rd2 Bg7 38. Bf3 h6 39. h3 Qb5 40. Kh2 Qc4
41. Qg2 Kh7 42. Bxd5 Bxd5 43. Qxd5 Re2+ 44. Kh1 Qxd5+ 45. Rxd5 Re7 46. Rc5 Kg8
47. Rc8+ Kf7 48. Rc7 Rxc7 49. Bxc7 Ke6 50. Kg2 Kd5 51. Kf3 Kc4 52. Be5 Bxe5 53.
fxe5 Kd5 54. Kf4 Ke6 55. h4 g5+ 56. hxg5 hxg5+ 57. Kxg5 Kxe5 58. c4 Ke4 59. b4
Kf3 60. Kxf5 Kxg3 61. b5 Kf3 62. bxa6 bxa6 63. c5 1-0

[Event "Gruppe C | DWZ 1900 - 1701"]
[Site "61.HEM Erlensee 2007"]
[Date "2007.04.05"]
[Round "2.21"]
[White "Radtke, Thoralf"]
[Black "Ritscher, Georg"]
[Result "1/2-1/2"]
[WhiteElo "1718"]
[BlackElo "2011"]
[PlyCount "82"]
[EventDate "2007.??.??"]

1. f4 d5 2. Nf3 Nf6 3. b3 Bf5 4. e3 e6 5. Bb2 Bd6 6. Be2 O-O 7. O-O h6 8. c4 c6
9. Qe1 Nbd7 10. Ne5 Nc5 11. Na3 Qe7 12. cxd5 exd5 13. Qc1 Ncd7 14. Rf2 Ne4 15.
Nxd7 Bxd7 16. Rf1 Rfe8 17. Nc2 c5 18. Bf3 Bb5 19. Rd1 Rad8 20. Re1 Bd3 21. Be2
Bxe2 22. Rxe2 Nf6 23. Re1 Bc7 24. Qd1 Bb6 25. Kh1 Ne4 26. Rf1 Qh4 27. Kg1 d4
28. exd4 cxd4 29. d3 Nf6 30. Qd2 Ng4 31. g3 Qh3 32. Rae1 h5 33. Rxe8+ Rxe8 34.
Bxd4 h4 35. Bxb6 axb6 36. Qg2 Qxg2+ 37. Kxg2 Re2+ 38. Kf3 Rxc2 39. Kxg4 hxg3
40. hxg3 Rd2 41. Rc1 Rxd3 1/2-1/2

[Event "Gruppe C | DWZ 1900 - 1701"]
[Site "61.HEM Erlensee 2007"]
[Date "2007.04.05"]
[Round "2.22"]
[White "Freund, Karlheinz"]
[Black "Libuda, Thomas"]
[Result "0-1"]
[WhiteElo "1797"]
[BlackElo "2009"]
[PlyCount "107"]
[EventDate "2007.??.??"]

1. d4 g6 2. Nc3 Bg7 3. e4 d6 4. Bg5 Nc6 5. Nge2 h6 6. Be3 e5 7. d5 Nce7 8. f3
f5 9. g3 Nf6 10. Bg2 fxe4 11. fxe4 O-O 12. O-O Bd7 13. Qd2 Ng4 14. Rxf8+ Bxf8
15. Rf1 Qe8 16. h3 Nxe3 17. Qxe3 c5 18. Qf3 Bg7 19. Kh2 b5 20. Nd1 a5 21. Ng1
g5 22. Ne3 Qg6 23. g4 Rf8 24. Nf5 Nxf5 25. gxf5 Qh7 26. Qg3 Bf6 27. Nf3 Kf7 28.
Rh1 Ke7 29. Kg1 Rg8 30. Kf2 h5 31. Bf1 h4 32. Qg2 c4 33. Be2 Bxf5 34. exf5 e4
35. Qg4 exf3 36. Bxf3 Qf7 37. Re1+ Be5 38. Kg2 Kf6 39. c3 Re8 40. Qe4 Qd7 41.
Bg4 Re7 42. Qf3 Qb7 43. Re2 Rc7 44. Qe4 Rc5 45. Bf3 Qa6 46. Qg4 Qc8 47. Qh5
Qxf5 48. Bg4 Qg6 49. Qh8+ Qg7 50. Qd8+ Qe7 51. Qh8+ Qg7 52. Qe8 Qf7 53. Qh8+
Ke7 54. Qh7 0-1